Impugnación de la herejia constitucional que somete la religion a la potestad civil ... precede la Historia de esta misma herejia desde la reforma de Lutero hasta la epoca presente / (Record no. 152584)

MARC details
000 -LEADER
campo de control de longitud fija 01100nam a22002415i 4500
001 - NÚMERO DE CONTROL
campo de control 152584
003 - IDENTIFICADOR DE NÚMERO DE CONTROL
campo de control ES-MaACL
005 - FECHA Y HORA DE LA ÚLTIMA TRANSACCIÓN
campo de control 20250929063218.0
008 - DATOS DE LONGITUD FIJA--INFORMACIÓN GENERAL
campo de control de longitud fija 961008s1847 sp |||| | spa d
040 ## - FUENTE DE CATALOGACIÓN
Centro catalogador/agencia de origen CYL
Lengua de catalogación spa
Centro/agencia transcriptor CYL
100 1# - ENTRADA PRINCIPAL--NOMBRE DE PERSONA
Nombre de persona Boyer, Pierre-Denis,
Fechas asociadas al nombre 1766-1842
9 (RLIN) 158436
245 10 - MENCIÓN DEL TÍTULO
Título Impugnación de la herejia constitucional que somete la religion a la potestad civil ... precede la Historia de esta misma herejia desde la reforma de Lutero hasta la epoca presente /
Mención de responsabilidad, etc. obra escrita en francés por Mr. Boyer.
260 ## - PUBLICACIÓN, DISTRIBUCIÓN, ETC.
Lugar de publicación, distribución, etc. Madrid :
Nombre del editor, distribuidor, etc. Imprenta de D. José Felix Palacios editor,
Fecha de publicación, distribución, etc. 1847.
300 ## - DESCRIPCIÓN FÍSICA
Extensión X p., p. 12-372 ;
Dimensiones 18 cm.
490 1# - MENCIÓN DE SERIE
Mención de serie Biblioteca religiosa / por una Sociedad de Literatos ;
Designación de volumen o secuencia 45
530 ## - NOTA DISPONIBLE DE FORMULARIO FÍSICO ADICIONAL
Nota de formato físico adicional disponible Disponible en formato digital.
650 07 - PUNTO DE ACCESO ADICIONAL DE MATERIA--TÉRMINO DE MATERIA
Término de materia o nombre geográfico como elemento de entrada Iglesia y Estado
Fuente del encabezamiento o término embne
9 (RLIN) 13554
830 0# - PUNTO DE ACCESO ADICIONAL DE SERIE-TÍTULO UNIFORME
Título uniforme Biblioteca religiosa / por una Sociedad de Literatos ;
Designación de volumen o secuencia 45
9 (RLIN) 221342
852 ## - LOCALIZACIÓN
Ubicación ES-MaACL
Número de control de estantería B-13447
Nota libre -- Rúst.
856 ## - LOCALIZACIÓN Y ACCESO ELECTRÓNICOS
Identificador Uniforme de Recursos <a href="http://bdh-rd.bne.es/viewer.vm?id=0000126109&page=1 ">http://bdh-rd.bne.es/viewer.vm?id=0000126109&page=1 </a>
Nota pública Biblioteca Digital Hispánica
Holdings
Estatus retirado Estado de pérdida Estado de daño No para préstamo Colección Biblioteca de origen Biblioteca actual Ubicación en estantería Fecha de adquisición Fuente de adquisición Total de préstamos Signatura topográfica completa Código de barras Visto por última vez Precio de reemplazo Tipo de ítem Koha
        Colección digital Biblioteca del Ateneo de Madrid Biblioteca del Ateneo de Madrid Sala Pardo Bazán 17/01/2008     B-13447 1159339 23/02/2023 23/02/2023 Libro impreso antiguo